| 000 | 00957nam a2200313 a 4500 | ||
|---|---|---|---|
| 001 | 000108793 | ||
| 003 | CHAP | ||
| 005 | 20220329144025.0 | ||
| 008 | 140312s2013 it |r| |||||||spa d | ||
| 010 | _a105255 | ||
| 011 | _a106227 | ||
| 020 | _a9789253074907 | ||
| 040 | _cCHAP | ||
| 090 | _aFolleto 18399 | ||
| 245 | 1 | 0 |
_aPolítica de igualdad de género de la Fao. Alcanzar las metas de seguridad alimentaria en la agricultura y el desarrollo rural / _cpor FAO. |
| 260 |
_aRoma : _bFAO, _c2013. |
||
| 300 | _avi, 24 p. | ||
| 590 |
_aE5995AHE _b05 _c20140312 _lUCH01 _h1033 |
||
| 590 |
_aE5995AHE _b05 _c20140312 _lUCH01 _h1035 |
||
| 590 |
_aE5995AHE _b05 _c20140312 _lUCH01 _h1036 |
||
| 650 | 1 | 4 |
_aDesarrollo agrícola. _9125465 |
| 650 | 1 | 4 |
_aDesarrollo rural. _932067 |
| 650 | 1 | 4 |
_aEnfoque de género. _936945 |
| 650 | 1 | 4 |
_aPapel de la mujer. _9125629 |
| 650 | 1 | 4 |
_aSeguridad alimentaria. _9103673 |
| 901 | _aBK | ||
| 942 | _cFOLL | ||
| 942 | _n0 | ||
| 999 |
_c105255 _d105255 |
||